[Event "Titled Tuesday intern op 08th Mar Early"]
[Site "Chess.com INT"]
[Date "2022.03.08"]
[Round "6"]
[White "Perez Gormaz, Matias Ariel"]
[Black "Popadic, Dragan"]
[Result "1-0"]
[WhiteElo "2389"]
[BlackElo "2143"]
[PlyCount "89"]
[EventDate "2022.03.08"]
[EventType "swiss (blitz)"]
[EventRounds "11"]
[EventCountry "USA"]
[SourceTitle "CBM 207 Extra"]
[Source "ChessBase"]
[SourceDate "2022.05.31"]
[SourceVersion "1"]
[SourceVersionDate "2022.05.31"]
[SourceQuality "1"]

1. e4 c5 2. Nf3 Nc6 3. Bb5 e5 4. 0-0 d6 5. c3 Bd7 6. d4 Qc7 7. Re1 a6 8. Bf1 Be7 9. h3 Nf6 10. Bg5 Rc8 11. dxc5 dxc5 12. Nbd2 0-0 13. Nc4 Rcd8 14. Qc2 Be6 15. a4 Nh5 16. Bc1 Nf4 17. Kh2 h6 18. g3 Ng6 19. Ne3 Bg5 20. Nd5 Bxd5 21. exd5 Rxd5 22. Bc4 Rd6 23. Bxg5 hxg5 24. Nxg5 Nd8 25. Rad1 Rxd1 26. Qxg6 Re8 27. Qh7+ Kf8 28. Rxd1 g6 29. Qh8+ Ke7 30. Qg7 Rf8 31. Rxd8 Qxd8 32. Nxf7 Qd2 33. Nxe5+ Ke8 34. Bf7+ Rxf7 35. Qxf7+ Kd8 36. Kg2 Kc8 37. Qxg6 Qxb2 38. Qe8+ Kc7 39. Qd7+ Kb8 40. Qd6+ Ka8 41. Qf8+ Ka7 42. Qxc5+ Ka8 43. Nd7 Qe2 44. Qc8+ Ka7 45. Qb8# 1-0

[Event "Titled Tuesday intern op 08th Mar Early"]
[Site "Chess.com INT"]
[Date "2022.03.08"]
[Round "4"]
[White "Popadic, Dragan"]
[Black "Goryachkina, Aleksandra"]
[Result "1-0"]
[WhiteElo "2143"]
[BlackElo "2610"]
[PlyCount "115"]
[EventDate "2022.03.08"]
[EventType "swiss (blitz)"]
[EventRounds "11"]
[EventCountry "USA"]
[SourceTitle "CBM 207 Extra"]
[Source "ChessBase"]
[SourceDate "2022.05.31"]
[SourceVersion "1"]
[SourceVersionDate "2022.05.31"]
[SourceQuality "1"]

1. e4 c5 2. Nc3 Nc6 3. f4 g6 4. Nf3 Bg7 5. Bc4 e6 6. f5 gxf5 7. d3 Nge7 8. 0-0 d6 9. Qe1 Nd4 10. Nxd4 cxd4 11. Ne2 d5 12. exd5 Nxd5 13. Qg3 Bf6 14. Nf4 Nxf4 15. Bxf4 Bd7 16. Bc7 Qc8 17. Rae1 Be7 18. Be5 Rf8 19. Qg7 Qc6 20. Bf6 Bxf6 21. Qxf6 Rg8 22. Re2 Qc5 23. Rxf5 Qe7 24. Qxd4 0-0-0 25. Rff2 Bc6 26. Qf4 Rg7 27. Qf6 Qxf6 28. Rxf6 Rdg8 29. g3 Kd7 30. Rh6 Ke7 31. Kf2 b5 32. Bb3 a5 33. c3 a4 34. Bc2 f6 35. a3 Rg6 36. Rxh7+ R6g7 37. Rxg7+ Rxg7 38. d4 Bd5 39. h4 Bc4 40. Re3 Kd6 41. Bd1 f5 42. Bf3 Rg8 43. Re5 Rg7 44. Re3 Rg8 45. Be2 Rg7 46. Bxc4 bxc4 47. Re2 Rb7 48. Kf3 Rb5 49. Kf4 Rb8 50. h5 Rg8 51. Rh2 Rg4+ 52. Kf3 Ke7 53. h6 Rg8 54. h7 Rh8 55. Kf4 Kf6 56. Rh6+ Kg7 57. Rxe6 Rxh7 58. Re7+ 1-0

[Event "Titled Tuesday intern op 08th Mar Early"]
[Site "Chess.com INT"]
[Date "2022.03.08"]
[Round "5"]
[White "Popadic, Dragan"]
[Black "Spata, German"]
[Result "0-1"]
[WhiteElo "2143"]
[BlackElo "2319"]
[PlyCount "104"]
[EventDate "2022.03.08"]
[EventType "swiss (blitz)"]
[EventRounds "11"]
[EventCountry "USA"]
[SourceTitle "CBM 207 Extra"]
[Source "ChessBase"]
[SourceDate "2022.05.31"]
[SourceVersion "1"]
[SourceVersionDate "2022.05.31"]
[SourceQuality "1"]

1. e4 e6 2. Nf3 d5 3. e5 c5 4. b4 c4 5. c3 a5 6. b5 a4 7. Na3 Nd7 8. d3 cxd3 9. Bxd3 Qc7 10. 0-0 Nxe5 11. Re1 Nxd3 12. Qxd3 Nf6 13. Rb1 Bd6 14. b6 Qe7 15. Nb5 0-0 16. c4 Bd7 17. Nxd6 Qxd6 18. Ba3 Qf4 19. Bxf8 dxc4 20. Bd6 Qg4 21. Qd4 Qh5 22. Ne5 Be8 23. Qxc4 Nd5 24. Qg4 Qh6 25. Rbc1 Qd2 26. Qe2 Qg5 27. Nf3 Qg4 28. Qe4 Qh5 29. Rcd1 Bc6 30. Qh4 Qf5 31. Ne5 Be8 32. Qe4 Qxe4 33. Rxe4 Nc3 34. Ree1 Nxd1 35. Rxd1 f6 36. Nf3 Bc6 37. Bc7 a3 38. Rd8+ Rxd8 39. Bxd8 Bd5 40. Be7 Bxa2 41. Bxa3 e5 42. Bd6 Kf7 43. Bc7 Ke6 44. Kf1 Bc4+ 45. Ke1 g5 46. Nd2 Bd5 47. f3 h5 48. Ke2 g4 49. Ke3 f5 50. Nb1 Bc6 51. Nc3 h4 52. fxg4 Bxg2 0-1

[Event "Titled Tuesday intern op 08th Mar Early"]
[Site "Chess.com INT"]
[Date "2022.03.08"]
[Round "10"]
[White "Popadic, Dragan"]
[Black "Zanette, Edgard Vinicius"]
[Result "1-0"]
[WhiteElo "2143"]
[BlackElo "2115"]
[PlyCount "85"]
[EventDate "2022.03.08"]
[EventType "swiss (blitz)"]
[EventRounds "11"]
[EventCountry "USA"]
[SourceTitle "CBM 207 Extra"]
[Source "ChessBase"]
[SourceDate "2022.05.31"]
[SourceVersion "1"]
[SourceVersionDate "2022.05.31"]
[SourceQuality "1"]

1. e4 e5 2. d4 exd4 3. Qxd4 Nc6 4. Qe3 Nf6 5. Nc3 Bb4 6. Bd2 0-0 7. 0-0-0 Re8 8. Qg3 d6 9. f3 Be6 10. h4 Ne5 11. Nh3 Bc4 12. f4 Nh5 13. Qe1 Bxf1 14. fxe5 Bxg2 15. Rh2 Bf3 16. exd6 Bxd1 17. Qxd1 Qxd6 18. Rg2 Rad8 19. Qxh5 Bxc3 20. Bxc3 g6 21. Qf3 Rxe4 22. Rg1 Rxh4 23. Ng5 Qf4+ 24. Qxf4 Rxf4 25. Nxh7 Rd6 26. Be5 Rf5 27. Bxd6 cxd6 28. Ng5 d5 29. Kd2 Kg7 30. Ke3 f6 31. Nf3 Rh5 32. Rg2 Kf7 33. Nd4 a6 34. a4 Rh3+ 35. Kd2 f5 36. a5 Kf6 37. Nb3 Ke5 38. Nc5 g5 39. Rxg5 Rh2+ 40. Kc3 Rh3+ 41. Nd3+ Ke4 42. Rg7 f4 43. Re7+ 1-0

[Event "Titled Tuesday intern op 08th Mar Early"]
[Site "Chess.com INT"]
[Date "2022.03.08"]
[Round "9"]
[White "Sanchez, Roberto Daniel"]
[Black "Popadic, Dragan"]
[Result "1-0"]
[WhiteElo "1989"]
[BlackElo "2143"]
[PlyCount "79"]
[EventDate "2022.03.08"]
[EventType "swiss (blitz)"]
[EventRounds "11"]
[EventCountry "USA"]
[SourceTitle "CBM 207 Extra"]
[Source "ChessBase"]
[SourceDate "2022.05.31"]
[SourceVersion "1"]
[SourceVersionDate "2022.05.31"]
[SourceQuality "1"]

1. e4 c5 2. Nf3 Nc6 3. d4 cxd4 4. c3 d3 5. Bxd3 d6 6. Bc4 Nf6 7. 0-0 e6 8. Qe2 Be7 9. Rd1 Qc7 10. Bb3 a6 11. c4 0-0 12. Nc3 Na5 13. Bf4 Nxb3 14. axb3 b6 15. h3 Bb7 16. Na4 Bc6 17. Nc3 Rfd8 18. Rd2 Qb7 19. Re1 b5 20. Nd4 Be8 21. e5 dxe5 22. Bxe5 b4 23. Na4 Bxa4 24. bxa4 Rd7 25. Red1 Rad8 26. Nf3 Qc6 27. Bxf6 Bxf6 28. b3 h6 29. Rxd7 Rxd7 30. Rxd7 Qxd7 31. Qd2 Qb7 32. Qd6 Bc3 33. c5 Qe4 34. c6 Qb1+ 35. Kh2 Qxb3 36. c7 Qxa4 37. c8Q+ Kh7 38. Qd3+ g6 39. Qcd7 Qb3 40. Qxf7+ 1-0

[Event "Titled Tuesday intern op 22nd Feb Early"]
[Site "Chess.com INT"]
[Date "2022.02.22"]
[Round "10"]
[White "Ginzburg, Yakov"]
[Black "Popadic, Dragan"]
[Result "0-1"]
[WhiteElo "2405"]
[BlackElo "2143"]
[PlyCount "82"]
[EventDate "2022.02.22"]
[EventType "swiss (blitz)"]
[EventRounds "11"]
[EventCountry "USA"]
[SourceTitle "CBM 207 Extra"]
[Source "ChessBase"]
[SourceDate "2022.05.31"]
[SourceVersion "1"]
[SourceVersionDate "2022.05.31"]
[SourceQuality "1"]

1. e4 c5 2. Nf3 Nc6 3. d4 cxd4 4. Nxd4 Nf6 5. Nc3 e5 6. Ndb5 d6 7. Bg5 a6 8. Na3 b5 9. Nd5 Be7 10. Bxf6 Bxf6 11. c3 0-0 12. Nc2 Bg5 13. h4 Bh6 14. g3 Be6 15. Bh3 Rb8 16. a3 Qd7 17. g4 Bf4 18. Qf3 Kh8 19. Nxf4 exf4 20. Qxf4 Ne5 21. 0-0-0 Rfd8 22. f3 a5 23. h5 h6 24. Nd4 Qe7 25. Nxe6 fxe6 26. Qe3 b4 27. f4 Nc4 28. Qd4 Rdc8 29. Bf1 d5 30. Bxc4 Rxc4 31. Qe5 Rbc8 32. g5 Rxe4 33. Qxe4 dxe4 34. axb4 axb4 35. g6 bxc3 36. bxc3 Rxc3+ 37. Kd2 Rd3+ 38. Ke2 Qd6 39. Rxd3 Qxd3+ 40. Kf2 Qf3+ 41. Kg1 e3 0-1

[Event "Titled Tuesday intern op 22nd Feb Early"]
[Site "Chess.com INT"]
[Date "2022.02.22"]
[Round "6"]
[White "Popadic, Dragan"]
[Black "Lorente Serrano, Rosa Adela"]
[Result "1-0"]
[WhiteElo "2143"]
[BlackElo "1921"]
[PlyCount "87"]
[EventDate "2022.02.22"]
[EventType "swiss (blitz)"]
[EventRounds "11"]
[EventCountry "USA"]
[SourceTitle "CBM 207 Extra"]
[Source "ChessBase"]
[SourceDate "2022.05.31"]
[SourceVersion "1"]
[SourceVersionDate "2022.05.31"]
[SourceQuality "1"]

1. e4 c5 2. Nc3 e5 3. f4 exf4 4. Nf3 g6 5. Bc4 Bg7 6. d3 Ne7 7. Bxf4 0-0 8. 0-0 Nbc6 9. Qd2 Na5 10. Bb3 Nxb3 11. axb3 d5 12. Bh6 dxe4 13. Nxe4 Bf5 14. Bxg7 Kxg7 15. Qc3+ f6 16. Nxc5 Rc8 17. Nd4 Qd6 18. Rxf5 Nxf5 19. Nde6+ Kg8 20. Qc4 Kh8 21. Nxf8 Rxc5 22. Qf7 Rc7 23. Qe8 Kg7 24. Ne6+ Kh6 25. Nxc7 Qxc7 26. c4 Qc5+ 27. Kh1 Qf2 28. Qe1 Qd4 29. Qc1+ Kg7 30. Qc3 Qh4 31. Qe1 Qd4 32. Qe2 Qh4 33. Qf3 Qd4 34. Qxb7+ Kh6 35. Qxa7 Qxb2 36. Qa2 Qd4 37. Rd1 Ne3 38. Qd2 Kg7 39. Re1 Ng4 40. h3 Nf2+ 41. Kh2 Qd6+ 42. Kg1 Nxd3 43. Re3 Qd4 44. Qxd3 1-0

[Event "Titled Tuesday intern op 22nd Feb Early"]
[Site "Chess.com INT"]
[Date "2022.02.22"]
[Round "1"]
[White "Popadic, Dragan"]
[Black "Narayanan, Srinath"]
[Result "0-1"]
[WhiteElo "2143"]
[BlackElo "2553"]
[PlyCount "80"]
[EventDate "2022.02.22"]
[EventType "swiss (blitz)"]
[EventRounds "11"]
[EventCountry "USA"]
[SourceTitle "CBM 207 Extra"]
[Source "ChessBase"]
[SourceDate "2022.05.31"]
[SourceVersion "1"]
[SourceVersionDate "2022.05.31"]
[SourceQuality "1"]

1. e4 c6 2. d4 d5 3. Nd2 dxe4 4. Nxe4 Nf6 5. Ng3 e5 6. Qe2 Qxd4 7. Nf3 Bb4+ 8. c3 Bxc3+ 9. bxc3 Qxc3+ 10. Nd2 Qxa1 11. Qd1 0-0 12. Bc4 Qd4 13. 0-0 Re8 14. Bb3 Bg4 15. Qc2 Nbd7 16. Bb2 Qc5 17. Qb1 Rad8 18. h3 Be6 19. Nf3 e4 20. Nd4 Bxb3 21. axb3 Ne5 22. Ndf5 Rd2 23. Qa1 Nfd7 24. Nxe4 Qc2 25. Nxd2 Qxf5 26. Re1 f6 27. f4 Qxf4 28. Nc4 a6 29. Nd6 Nf3+ 30. gxf3 Qg3+ 31. Kf1 Qxf3+ 32. Kg1 Qg3+ 33. Kf1 Qxh3+ 34. Kf2 Qh2+ 35. Kf1 Rxe1+ 36. Qxe1 Qxd6 37. Qe8+ Nf8 38. Qe2 Ne6 39. Bc3 Qd5 40. b4 Qb5 0-1

[Event "Titled Tuesday intern op 15th Feb Early"]
[Site "Chess.com INT"]
[Date "2022.02.15"]
[Round "4"]
[White "Agasarov, Benik"]
[Black "Popadic, Dragan"]
[Result "1-0"]
[WhiteElo "2249"]
[BlackElo "2143"]
[PlyCount "61"]
[EventDate "2022.02.15"]
[EventType "swiss (blitz)"]
[EventRounds "11"]
[EventCountry "USA"]
[SourceTitle "CBM 206 Extra"]
[Source "ChessBase"]
[SourceDate "2022.03.31"]
[SourceVersion "1"]
[SourceVersionDate "2022.03.31"]
[SourceQuality "1"]

1. e4 c5 2. Nf3 Nc6 3. Bb5 e5 4. 0-0 d6 5. c3 Bd7 6. d4 Qc7 7. Na3 a6 8. Be2 b5 9. Nc2 Nf6 10. Bg5 Nxe4 11. Ne3 Nxg5 12. Nxg5 cxd4 13. Nd5 Qd8 14. Bh5 g6 15. Nxf7 Kxf7 16. Qf3+ Kg7 17. Bg4 Bxg4 18. Qxg4 Be7 19. f4 Rf8 20. f5 g5 21. h4 h6 22. hxg5 hxg5 23. f6+ Bxf6 24. Rf5 Ra7 25. Raf1 Raf7 26. Nxf6 Rxf6 27. Rxg5+ Kh7 28. Rxf6 Rxf6 29. Qh5+ Rh6 30. Qf7+ Kh8 31. Qg7# 1-0

[Event "Titled Tuesday intern op 15th Feb Early"]
[Site "Chess.com INT"]
[Date "2022.02.15"]
[Round "9"]
[White "Howell, David"]
[Black "Popadic, Dragan"]
[Result "1-0"]
[WhiteElo "2646"]
[BlackElo "2143"]
[PlyCount "89"]
[EventDate "2022.02.15"]
[EventType "swiss (blitz)"]
[EventRounds "11"]
[EventCountry "USA"]
[SourceTitle "CBM 206 Extra"]
[Source "ChessBase"]
[SourceDate "2022.03.31"]
[SourceVersion "1"]
[SourceVersionDate "2022.03.31"]
[SourceQuality "1"]

1. e4 c5 2. Nf3 Nc6 3. Nc3 e5 4. Bc4 Be7 5. d3 Nf6 6. Bg5 d6 7. Nd2 0-0 8. Nf1 Be6 9. Ne3 a6 10. Bxf6 Bxf6 11. a4 g6 12. 0-0 Bg7 13. Ne2 Nd4 14. c3 Nxe2+ 15. Qxe2 Kh8 16. a5 Rb8 17. Rfd1 Qe7 18. Nd5 Qd8 19. Nb6 Qe7 20. Nd5 Qd8 21. Nb6 Qe7 22. Rab1 Rbd8 23. b4 cxb4 24. Rxb4 Qg5 25. Bd5 Qe7 26. Rdb1 Rb8 27. Qa2 Bc8 28. Nxc8 Rfxc8 29. Rxb7 Rxb7 30. Rxb7 Qg5 31. Qc2 f5 32. c4 fxe4 33. dxe4 Qd8 34. Rb6 Qc7 35. g3 Rf8 36. Kg2 Qc5 37. Rxa6 Bh6 38. Qe2 Bc1 39. h4 Ba3 40. h5 gxh5 41. Rc6 Qxa5 42. Qxh5 Qd2 43. Bf7 Bc5 44. Rxc5 dxc5 45. Qxe5# 1-0

[Event "Titled Tuesday intern op 15th Feb Early"]
[Site "Chess.com INT"]
[Date "2022.02.15"]
[Round "8"]
[White "Popadic, Dragan"]
[Black "Guz, Ari"]
[Result "1-0"]
[WhiteElo "2143"]
[BlackElo "2318"]
[PlyCount "51"]
[EventDate "2022.02.15"]
[EventType "swiss (blitz)"]
[EventRounds "11"]
[EventCountry "USA"]
[SourceTitle "CBM 206 Extra"]
[Source "ChessBase"]
[SourceDate "2022.03.31"]
[SourceVersion "1"]
[SourceVersionDate "2022.03.31"]
[SourceQuality "1"]

1. e4 c5 2. Nc3 b6 3. f4 Bb7 4. Nf3 g6 5. Bc4 Bg7 6. d3 e6 7. 0-0 Ne7 8. Qe1 0-0 9. f5 d5 10. exd5 exd5 11. Bg5 f6 12. Qe6+ Kh8 13. Nxd5 Bxd5 14. Bxd5 Nxd5 15. fxg6 Qd7 16. Qe4 fxg5 17. Nxg5 h6 18. Rxf8+ Bxf8 19. Rf1 Bg7 20. Rf7 Qc6 21. Ne6 Nf6 22. Qf5 Qd5 23. Nxg7 Qxf5 24. Nxf5 Nbd7 25. Nxh6 Nh5 26. Rh7# 1-0

[Event "Titled Tuesday intern op 15th Feb Early"]
[Site "Chess.com INT"]
[Date "2022.02.15"]
[Round "2"]
[White "Popadic, Dragan"]
[Black "Kuzubov, Yuriy"]
[Result "0-1"]
[WhiteElo "2143"]
[BlackElo "2639"]
[PlyCount "56"]
[EventDate "2022.02.15"]
[EventType "swiss (blitz)"]
[EventRounds "11"]
[EventCountry "USA"]
[SourceTitle "CBM 206 Extra"]
[Source "ChessBase"]
[SourceDate "2022.03.31"]
[SourceVersion "1"]
[SourceVersionDate "2022.03.31"]
[SourceQuality "1"]

1. e4 c5 2. Nc3 d6 3. f4 g6 4. Nf3 Bg7 5. Bc4 e6 6. d3 Ne7 7. 0-0 d5 8. Bb5+ Bd7 9. Bxd7+ Nxd7 10. Qe1 0-0 11. Kh1 Re8 12. Bd2 Nc6 13. e5 f6 14. exf6 Qxf6 15. Qg3 Rac8 16. Nb5 Qf8 17. Bc3 d4 18. Bd2 a6 19. Na3 b5 20. Rae1 Qd6 21. Qh3 Nf6 22. Nb1 Qd5 23. a3 Qf5 24. Qh4 c4 25. Ng5 cxd3 26. cxd3 Qxd3 27. Nxe6 Rxe6 28. Qh3 Qxh3 0-1

[Event "Titled Tuesday intern op 15th Feb Early"]
[Site "Chess.com INT"]
[Date "2022.02.15"]
[Round "5"]
[White "Popadic, Dragan"]
[Black "Maranhao, Jose Renato Ruiz"]
[Result "1-0"]
[WhiteElo "2143"]
[BlackElo "1923"]
[PlyCount "75"]
[EventDate "2022.02.15"]
[EventType "swiss (blitz)"]
[EventRounds "11"]
[EventCountry "USA"]
[SourceTitle "CBM 206 Extra"]
[Source "ChessBase"]
[SourceDate "2022.03.31"]
[SourceVersion "1"]
[SourceVersionDate "2022.03.31"]
[SourceQuality "1"]

1. e4 c6 2. d4 d5 3. Nd2 dxe4 4. Nxe4 Bf5 5. Ng3 Bg6 6. h4 h6 7. Nf3 Nd7 8. h5 Bh7 9. Bd3 Bxd3 10. Qxd3 Ngf6 11. Bd2 e6 12. 0-0-0 Be7 13. Ne4 Nxe4 14. Qxe4 Nf6 15. Qe2 Qd5 16. Kb1 Qe4 17. Be3 Nd5 18. Nd2 Qh7 19. g4 0-0-0 20. f3 Nxe3 21. Qxe3 Bf6 22. Ne4 Rd5 23. c3 Rhd8 24. Rde1 e5 25. dxe5 Bxe5 26. Qxa7 f5 27. gxf5 Qxf5 28. Rhf1 Qxh5 29. a3 Bb8 30. Qg1 Rd3 31. Qxg7 Be5 32. Qg4+ Qxg4 33. fxg4 Bc7 34. Rh1 Rf3 35. Rxh6 Rg8 36. g5 Rf4 37. Rhh1 Re8 38. Nd6+ 1-0

[Event "Titled Tuesday intern op 08th Feb Early"]
[Site "Chess.com INT"]
[Date "2022.02.08"]
[Round "8"]
[White "Aloma Vidal, Roberto"]
[Black "Popadic, Dragan"]
[Result "0-1"]
[WhiteElo "2437"]
[BlackElo "2143"]
[PlyCount "26"]
[EventDate "2022.02.08"]
[EventType "swiss (blitz)"]
[EventRounds "11"]
[EventCountry "USA"]
[SourceTitle "CBM 206 Extra"]
[Source "ChessBase"]
[SourceDate "2022.03.31"]
[SourceVersion "1"]
[SourceVersionDate "2022.03.31"]
[SourceQuality "1"]

1. e4 c5 2. c3 g6 3. Nf3 Bg7 4. Bc4 d6 5. 0-0 Nf6 6. Re1 0-0 7. h3 a6 8. d4 b5 9. Bd3 Bb7 10. Bf4 Nfd7 11. Nbd2 e5 12. dxe5 Nxe5 13. Nxe5 dxe5 0-1